MDQL
is popping MORE tags! Check the
thread
!
Quizzes
Events
Quiz Creation
Community
Videos
Private Events
Remove Ads
Sign In
Join for FREE
Feedback
Dark Mode
Quiz Categories
Sports
Geography
Music
Movies
Television
Just For Fun
Miscellaneous
History
Literature
Language
Science
Gaming
Entertainment
Religion
Holiday
For Kids
Quiz Lab
Recent
Popular Today
Quiz Kudos Today
Editor Picks
Curator Picks
Quizzes by...
Day
Popularity
Type
Ratings
Length
Year
Community
Subscriptions
Recent Discussions
Orange Saloon
Badges
Playlists
Quests
Create
Leaderboards
Showdown
Live 5
Trivia Bingo
Activity
Puzzle Library
Sporcle Events
Private Events
Virtual Trivia
Globe League
Become a Host
Pub Owners
SporcleCon
Opinionation
Our Games
Videos
Blog
Mobile Apps
Partnerships
Remove Ads and Go Orange
Feedback
Geography
Country
Landmarks
City
State
Population
World
Capital
Continent
Flags
Europe
Africa
Asia
South America
North America
Oceania
Border
Canada
United Kingdom
Topography
United States
Geography
Country
Landmarks
City
State
Population
World
Capital
Continent
Flags
Europe
Africa
Asia
South America
North America
Oceania
Border
Canada
United Kingdom
Topography
United States
Random Quiz
Search Sporcle
×
Quiz Lab
Quiz Lab
Geography
World
Type in answers that appear in a list
Type in answers that appear in a list
Classic
Best Score? Go Orange.
World's Largest Cities by city limits Stats
Can you name the World's Largest Cities by city limits?
By
jq5162
12m
61 Questions
527 Plays
527 Plays
527 Plays
Comments
Comments
Give Quiz Kudos
Give Quiz Kudos
-
- Ratings
hide this ad
Replay
Link that replays current quiz
Next Quiz
Link to next quiz in quiz playlist
You Got
0%
They Got
Avg Score
62%
Avg Friend Score
Upgrade to see
Score Distribution
Jump to the score distribution portion of the page
Score
0/61
Timer
12:00
0
Plays Today
Country
City
% Correct
China
Beijing
94.5%
Japan
Tokyo
94.1%
Russia
Moscow
93.2%
India
Mumbai
92.6%
South Korea
Seoul
91.5%
China
Shanghai
91.3%
United Kingdom
London
91.1%
United States of America
Los Angeles
90.1%
Turkey
Istanbul
89.9%
Egypt
Cairo
89.8%
Mexico
Mexico City
88%
Brazil
Sao Paulo
86.7%
India
Delhi
86.1%
Indonesia
Jakarta
85.2%
Iraq
Baghdad
82.7%
Brazil
Rio de Janeiro
82.5%
Germany
Berlin
82.5%
Peru
Lima
82%
Iran
Tehran
81.8%
Thailand
Bangkok
81.8%
United States of America
New York City
79.5%
Colombia
Bogota
79.5%
Singapore
Singapore
78.4%
Spain
Madrid
78.4%
Nigeria
Lagos
77.4%
South Africa
Johannesburg
76.7%
Argentina
Buenos Aires
76.7%
China
Hong Kong
74.6%
Pakistan
Karachi
73.8%
Turkey
Ankara
73.4%
South Africa
Cape Town
71.3%
Country
City
% Correct
Vietnam
Ho Chi Minh City
71.2%
Saudi Arabia
Riyadh
70.2%
Chile
Santiago
67.9%
Bangladesh
Dhaka
67.6%
Kenya
Nairobi
66.6%
Egypt
Alexandria
66.2%
North Korea
Pyongyang
64.5%
Democratic Republic of the Congo
Kinshasa
64.1%
India
Kolkata
59.2%
Pakistan
Lahore
57.3%
China
Guangzhou
50.1%
India
Chennai
44%
South Africa
Durban
43.8%
India
Hyderabad
40.2%
China
Wuhan
36.8%
Cote d'Ivoire
Abidjan
36.6%
Russia
Saint Petersburg
35.9%
China
Tianjin
35.7%
Japan
Yokohama
35.1%
Saudi Arabia
Jeddah
32.4%
South Korea
Busan
31.7%
India
Ahmedabad
30%
India
Pune
24.1%
China
Chongqing
23%
Myanmar
Yangoon
21.4%
India
Jaipur
18.6%
India
Surat
15.4%
China
Shenyang
14.2%
India
Kanpur
12%
India
Banglore
3.2%
Quiz Playlist
Details
Report
Send in Message
Add To Playlist
Classic:
Type in answers that appear in a list
Last Updated: Feb 16, 2017
Quiz Scoreboard
CHALLENGE
Sign Up to Join the Scoreboard
Show All
Scores
Hide
Comments
May contain spoilers
Recently Published
Find the 'City' Movie
by crazypaving
Movies
60s
5x2 Blitz: Bands
by SL_Kpop136
Music
30s
Colored Red Africa Blitz
by spor1
Geography
30s
More to Explore
Quiz From the Vault
Featured Blog Post
14 Easter Pick-up Lines to Find Eggs With
hide this ad
You Might Also Like...
Tags
City Quiz
Country Quiz
Population Quiz
World Quiz
largest
limit
Today's Top Quizzes in Geography
Browse Geography
hide this ad
Today's Top Quizzes in World
Browse World
Top Contributed Quizzes in Geography
1
Countries of the World - No Outlines Minefield
2
Colored Red Europe Blitz I
3
Colored Red Africa Blitz II
4
Colored Red Europe Blitz II
5
Colored Red Africa Blitz III
6
Colored Red Europe Blitz III
7
Colored Red States Blitz I
8
African Flag Reveal XLVI
9
Colored Red States Blitz II
10
Colored Red States Blitz III
Explore More
Trending Topics
Crossword
NBA
Marvel
Kpop
Disney
Anime
Harry Potter
The Office
NFL
Song
Pokémon
Country
WWE
Soccer
Puzzle
hide this ad
More By:
jq5162
Quiz
Plays
Rating
Category
Featured
Created
World's Largest Cities by city limits
527
1.84
Geography
Oct 23, 2009
Go to Creator's Profile
Score Distribution
Quiz Creator Spotlight
jq5162
Follow
Send a Message
Quizzes Created
-
Created Quiz Play Count
-
More By This Creator
Popular Quizzes Today
1
Colored Red Africa Blitz
2
Find the 'City' Movie
3
Find the US States - No Outlines Minefield
4
5x2 Blitz: Bands
5
The Countries of the World
6
Find the US States
7
US States
8
Find the Countries of Europe - No Outlines Minefield
More Geography Quizzes
World Cities by Map
Editor's Pick
Trending Quizzes
Colored Red Europe Blitz I
Colored Red Africa Blitz II
Colored Red Europe Blitz II
Colored Red Africa Blitz III
Colored Red Europe Blitz III
Recently Updated
How Do You Spell That?
pecheneg
Godzilla Movies
pecheneg
Grab Bag: 4-10 Letters
pecheneg
2024 March Madness Bracket
pecheneg
Famous TV Couples
Peacemaker
Champions League XIs: Real Madrid
pecheneg
Largest US Cities 1790-2010
pecheneg
Rides in Walt Disney World
pecheneg
Most Oscar Losses (Acting)
pecheneg
Beyoncé Albums
pecheneg
Trending Topics
Harry Potter
Disney
NBA
Crossword
Kpop
Marvel
Anime
The Office
Song
NFL
WWE
Puzzle
Country
Soccer
Pokémon
Your Account Isn't Verified!
In order to create a playlist on Sporcle, you need to verify the email address you used during registration. Go to your
Sporcle Settings
to finish the process.
Report this User
Report this user for behavior that violates our
Community Guidelines
.
Details:
Send Report
Go to the Sporcle.com Mobile Site →
Comments